000 00434nam a22001817a 4500
003 koha_MIRAKIL
005 20231213095843.0
008 231213b |||||||| |||| 00| 0 ||| d
020 _b978-6-05-424863-6
040 _aTR-IsEVY
_btur
_cTR-IsEVY
082 _aFIC THO/K
100 _aThompson, Lauren.
245 0 _aKüçük Vak Vak
260 _bPerason,
_c2015
300 _a32
650 _aGenel Konular.
942 _2ddc
_cBK
999 _c10533
_d10533